000 00697nam a2200205 a 4500
003 DO-SdBNP
005 20220328131138.0
008 190508s2016 000 spa d
040 _aDO-SdBNP
_bspa
_cBNPHU
082 4 _a317.293
100 _aTactuk, Pablo
_95774
245 0 _aEncuesta nacional de hogares de propósitos múltiples ENHOGAR-2015.
260 _aSanto Domingo,
_c2016.
590 _aInventariado, 2022/MFF
650 4 _aEncuestas de hogares
_zRepública Dominicana
_981380
650 4 _aSeguridad ciudadana
_zRepública Dominicana
_981381
650 4 _aEncuestas demográficas
_zRepública Dominicana
_981382
910 _aValidado. Control de calidad MFF
942 _2ddc
_cLBS1
999 _c48450
_d48450